Unmanned vehicles handbook 1993-1994 (Record no. 61496)

000 -LEADER
fixed length control field 00566nam a22001817a 4500
003 - CONTROL NUMBER IDENTIFIER
control field NUST-PNEC
005 - DATE AND TIME OF LATEST TRANSACTION
control field 20170116180723.0
008 - FIXED-LENGTH DATA ELEMENTS--GENERAL INFORMATION
fixed length control field 141029b xxu||||| |||| 00| 0 eng d
040 ## - CATALOGING SOURCE
Transcribing agency PNEC
082 ## - DEWEY DECIMAL CLASSIFICATION NUMBER
Classification number 629.232 HAR
100 ## - MAIN ENTRY--PERSONAL NAME
9 (RLIN) 860
Personal name Harbison, Ian
245 ## - TITLE STATEMENT
Title Unmanned vehicles handbook 1993-1994
Statement of responsibility, etc. Ian Harbison
260 ## - PUBLICATION, DISTRIBUTION, ETC.
Place of publication, distribution, etc. Buckinghamshire, England :
Name of publisher, distributor, etc. Shephard Press,
Date of publication, distribution, etc. 1993.
300 ## - PHYSICAL DESCRIPTION
Extent 64 p. :
Dimensions 28 cm.
500 ## - GENERAL NOTE
General note http://www.worldcat.org/title/unmanned-vehicles-handbook/oclc/30659845&referer=brief_results
650 ## - SUBJECT ADDED ENTRY--TOPICAL TERM
General subdivision ME, IME
942 ## - ADDED ENTRY ELEMENTS (KOHA)
Source of classification or shelving scheme
Koha item type Book
Holdings
Withdrawn status Lost status Source of classification or shelving scheme Damaged status Not for loan Permanent Location Current Location Shelving location Date acquired Total Checkouts Full call number Barcode Date last seen Price effective from Koha item type
          Pakistan Navy Engineering College (PNEC) Pakistan Navy Engineering College (PNEC) Reference 01/15/1994   629.232 HAR PNECLIB-017262 10/29/2014 10/29/2014 Book
© 2023 Central Library, National University of Sciences and Technology. All Rights Reserved.